[Event "3rd Stars Cup 2019"]
[Site "Anzali"]
[Date "2019.02.13"]
[Round "3.3"]
[White "Bosiocic, Marin"]
[Black "Maghsoodloo, Parham"]
[Result "0-1"]
[WhiteElo "2618"]
[BlackElo "2666"]
[Annotator "TA"]
[PlyCount "112"]
[EventDate "2019.02.12"]
[EventType "schev"]
[EventCountry "IRI"]
[SourceTitle "playchess.com"]
[Source "ChessBase"]
[SourceQuality "1"]

{[%evp 13,112,0,19,0,0,0,0,0,0,0,0,0,0,0,0,-38,-34,-32,-40,-31,-31,-29,-27,-35,-38,-31,-23,-101,-87,-92,-71,-95,-85,-100,-112,-110,-46,-58,-58,-39,-38,-51,-13,-49,-49,-56,-52,-152,-152,-156,-135,-187,-180,-190,-179,-179,-177,-200,-187,-275,-324,-398,-257,-260,-266,-416,-336,-391,-375,-470,-468,-483,-494,-504,-504,-499,-497,-495,-491,-697,-470,-470,-459,-638,-635,-798,-818,-768,-718,-866,-859,-855,-855,-837,-810,-850,-788,-837,-766,-1558,-1095]} 1. e4 e5 2. Nf3 Nc6 3. Bb5 a6 4. Ba4 Nf6 5. O-O b5 6. Bb3 Bc5 7. d3 O-O 8. Be3 {C78: Ruy Lopez: Archangelsk and Möller Defences} (8. Nc3 h6 9. Be3 d6 10. Nd5 Be6 11. Qe2 Re8 12. c3 Bxd5 13. Bxd5 Nxd5 14. exd5 Nd4 15. Qd1 Nf5 16. d4 exd4 17. Bxd4 Bxd4 {½-½ (17) Nguyen,N (2634)-Kasimdzhanov,R (2704) Berlin 2015}) 8... d6 9. Bxc5 dxc5 10. c3 {The position is equal.} Qd6 11. Qe2 h6 $146 ({Predecessor:} 11... Nh5 12. g3 Bg4 13. Qe3 Rad8 14. Bc2 Nf4 15. Ne1 Ng6 16. f3 {1-0 (57) Martinovic,S (2470)-Petronic,J (2490) Niksic 1997}) 12. Nbd2 Rd8 13. Bc2 Nh5 14. Qe3 Nf4 15. Kh1 Nxd3 16. Bxd3 Qxd3 17. Qxc5 Qd6 18. Nb3 Bg4 19. Qe3 a5 {[%cal Ba6a5,Ba5a4][%mdl 32]} 20. Nh4 (20. h3 $11 {remains equal.} Bxf3 21. Qxf3) 20... a4 21. Nc5 {next Nb7 is good for White.} Qf6 22. g3 Qg5 23. Qe1 Bh3 24. Rg1 Ne7 (24... b4 $17 25. cxb4 a3) 25. Nf3 $15 Qf6 $36 {[%mdl 2048] Black is pushing.} 26. Qe3 Bg4 27. Ne1 Qb6 28. f3 (28. h3 $5 Bh5 29. Kg2 $15) 28... Bh5 29. g4 Bg6 30. g5 {[#]} (30. Ng2 $15) 30... Nd5 $1 $17 {[%cal Rd5e3][%mdl 512]} 31. exd5 Rxd5 32. Ng2 (32. a3 $17 {was worth a try.}) 32... Qxc5 $19 ({Stronger than} 32... Rxc5 33. gxh6 Rd5 34. Qxb6 $11) 33. gxh6 Qxe3 34. Nxe3 {[#]} Rd2 $1 35. h4 Rxb2 36. Rg5 (36. Ng4 $142 Ra6 37. Nxe5) 36... gxh6 37. Rxe5 h5 38. Nd5 Rd8 39. Rg1 (39. Rg5 {was called for.}) 39... Kf8 40. Rg2 a3 41. Nxc7 Rd1+ {Black is clearly winning.} 42. Kh2 Ra1 43. Kg3 Rxg2+ 44. Kxg2 Rxa2+ {[%mdl 4096] Endgame KRB-KRN} 45. Kg3 Rb2 46. Re8+ Kg7 47. Ra8 a2 48. Nd5 Bc2 {...Ba4 is the strong threat.} 49. Ra3 Bb3 50. Nb4 Bc4 51. Ra6 f6 52. Kf4 Kg6 53. Ke3 Rh2 54. Kf4 Re2 55. Kg3 Kf5 56. Kh3 Re6 {Accuracy: White = 42%, Black = 80%.} 0-1

[Event "3rd Stars Cup 2019"]
[Site "Anzali"]
[Date "2019.02.13"]
[Round "3.4"]
[White "Tiviakov, Sergei"]
[Black "Firouzja, Alireza"]
[Result "1/2-1/2"]
[WhiteElo "2610"]
[BlackElo "2618"]
[Annotator "TA"]
[PlyCount "107"]
[EventDate "2019.02.12"]
[EventType "schev"]
[EventCountry "IRI"]
[SourceTitle "playchess.com"]
[Source "ChessBase"]
[SourceQuality "1"]

{[%evp 14,107,-10,-18,0,0,0,0,0,0,0,0,0,0,27,20,17,20,41,33,35,38,20,22,35,39,32,31,41,0,0,0,49,41,68,50,39,0,11,6,12,8,11,14,21,-41,-14,-22,-17,-21,0,-19,-14,-12,-14,-70,-69,-75,-109,-106,-104,-114,-108,-112,-106,-108,-113,-121,0,0,0,0,0,0,0,0,0,0,50,8,62,26,30,30,23,22,45,8,8,8,8,8,59,0,0,0]} 1. e4 e5 2. Nf3 Nc6 3. Bb5 a6 4. Ba4 Nf6 5. Qe2 b5 6. Bb3 Bc5 7. c3 d6 8. d3 a5 {C77: Ruy Lopez: 3...a6 4 Ba4 Nf6, unusual lines} (8... h6 9. O-O O-O 10. Be3 Bxe3 11. Qxe3 Na5 12. Bc2 c5 13. Nbd2 Nc6 14. a4 Rb8 15. axb5 axb5 16. Rfd1 Qb6 17. Nf1 d5 18. exd5 Nxd5 19. Qe4 Nf6 20. Qe2 Re8 21. Ng3 Be6 22. Re1 Bd5 23. Nd2 {½-½ (23) Tiviakov,S (2637)-Shirov,A (2749) Hoogeveen 2010}) 9. a4 $146 ({Predecessor:} 9. Bg5 h6 10. Be3 Bxe3 11. fxe3 a4 12. Bd5 Nxd5 13. exd5 Ne7 14. e4 O-O 15. O-O f5 16. Na3 {0-1 (36) Etmans,M (2029)-Marell,G (2249) ICCF email 2005}) 9... b4 10. Be3 Bxe3 11. Qxe3 O-O 12. O-O Rb8 13. Nbd2 Be6 14. Bxe6 fxe6 15. d4 Qe8 16. h3 bxc3 17. bxc3 exd4 18. cxd4 Nb4 19. Rfc1 h6 20. Ra3 ({Much worse is} 20. Rxc7 Nfd5 $17) 20... Qg6 21. Nh4 ({Reject} 21. Rxc7 Nfd5 $17) 21... Qh5 22. Nhf3 Rf7 23. Nf1 {[%cal Bd2f1,Bf1g3,Bg3e4][%mdl 32]} g5 24. Ng3 Qg6 25. e5 Nfd5 26. Qe4 Kg7 27. Qxg6+ Kxg6 28. Ne4 Nf4 29. Rd1 (29. Kh2 $11) 29... Rb6 30. Kh2 Rc6 31. Rd2 Rf8 32. g3 Nfd5 33. Kg2 Kf5 {aiming for ...Nc2.} 34. exd6 (34. Re2 $11 Rd8 35. Rb3) 34... Kxe4 $15 35. Re2+ Kf5 36. Ne5 Rxd6 {...Kf6 is the strong threat.} 37. Rf3+ {[#]} Nf4+ $1 38. gxf4 gxf4 39. Rc3 Rxd4 40. Ng4 h5 ({Black should play} 40... Nd3 $17 {Threatens to win with ...h5.} 41. Nxh6+ Kf6) 41. Re5+ $11 {[%mdl 64] [#] Double Attack} Kg6 42. Rxe6+ Kg5 43. Nh2 {White wants to mate with Nf3+.} Kf5 44. Rh6 Rg8+ 45. Kf1 Rd1+ 46. Ke2 Rgd8 (46... Kg5 $11 47. Rxh5+ Kxh5 48. Kxd1 Nd5) 47. Nf3 Ra1 48. Rc5+ Rd5 49. Rxh5+ Ke6 50. Rcxd5 ({Of course not} 50. Rxa5 Ra2+ 51. Kf1 Rxh5 $15) 50... Nxd5 51. Nd4+ Kd6 52. Nb5+ Kc6 (52... Ke6 $11) 53. Nd4+ (53. Kf3 $14) 53... Kd6 54. Nb5+ {Accuracy: White = 63%, Black = 47%.} 1/2-1/2

[Event "3rd Stars Cup 2019"]
[Site "Anzali"]
[Date "2019.02.14"]
[Round "4.1"]
[White "Pourramezanali, Amirreza"]
[Black "Safarli, Eltaj"]
[Result "1/2-1/2"]
[WhiteElo "2529"]
[BlackElo "2681"]
[Annotator "TA"]
[PlyCount "97"]
[EventDate "2019.02.12"]
[EventType "schev"]
[EventCountry "IRI"]
[SourceTitle "playchess.com"]
[Source "ChessBase"]
[SourceQuality "1"]

{[%evp 21,97,20,26,16,112,106,106,104,101,92,96,70,77,77,86,67,64,55,107,107,109,108,108,97,91,108,110,90,87,75,85,71,72,60,68,76,133,121,172,100,83,87,94,106,104,91,122,0,38,10,10,10,7,0,29,0,0,0,0,0,0,0,0,0,0,0,0,0,0,0,0,0,0,0,0,0,0,0]} 1. e4 c5 2. Nf3 d6 3. d4 cxd4 4. Nxd4 Nf6 5. Nc3 a6 6. Be3 e5 7. Nb3 Be6 8. f3 Nbd7 9. g4 b5 10. g5 Nh5 11. Qd2 Be7 12. O-O-O {B90: Sicilian Najdorf: Unusual White 6th moves, 6 Be3 Ng4 and 6 Be3 e5} b4 (12... Nb6 $11 {keeps the balance.}) (12... O-O 13. Nd5 Bxd5 14. exd5 f5 15. Rg1 f4 16. Bf2 Bxg5 17. Bh3 Bh6 18. Na5 Kh8 19. Nc6 Qc7 20. Qb4 Ng3 21. Kb1 {½-½ (68) Inarkiev,E (2690)-Sarana,A (2613) Satka 2018}) 13. Nd5 $16 Bxd5 14. Qxd5 $146 {White is better.} ({Predecessor:} 14. exd5 a5 15. Bb5 O-O 16. Bc6 a4 17. Na1 Nb6 18. b3 Rb8 19. Kb1 a3 {½-½ (53) Eid,F (2354)-Husbands,O (2257) Baku 2016}) 14... O-O 15. Kb1 $1 Qc7 16. Bh3 Nf4 17. Bxf4 $1 Nb6 {[%cal Bd7b6,Bb6c4,Bc4e3][%mdl 32]} 18. Qa5 {Black must now prevent Bd2.} exf4 19. Rd4 Ra7 (19... Rfe8 $14) 20. Rxb4 Nc4 21. Qxc7 Rxc7 22. Bf1 Ne3 23. c3 d5 24. Ra4 dxe4 25. Rxe4 Nxf1 26. Rxf1 Bxg5 27. Rd1 Rc6 28. Rd5 f5 (28... Bh4 $142) 29. Re2 $1 Rh6 {[#]} (29... g6 $16) 30. Nd4 ({White should try} 30. Nc5 $1 $18 {[%cal Rc5e6] Threatens to win with Ne6.} g6 31. Nxa6) 30... Bf6 31. Nxf5 Rh3 32. Rd3 g5 33. Kc2 h5 {[#]} 34. Rg2 (34. Rd7 $1 $16) 34... Kh7 35. Nd6 g4 36. Ne4 ({Of course not} 36. fxg4 f3 $17) 36... Bh4 $1 37. Rd5 Kh6 $1 38. fxg4 hxg4 {The position is equal.} 39. Rxg4 {Nd6 is the strong threat.} Rxh2+ 40. Rd2 Rxd2+ 41. Kxd2 $11 {[%mdl 4096] Endgame KRB-KRN} Kh5 42. Rg1 f3 43. Ke3 f2 44. Rf1 {[%cal Re4f2]} Re8 45. Kf3 Rf8+ 46. Ke3 {[%cal Re4f2]} Re8 47. Kf3 Rf8+ 48. Kg2 {[%cal Re4f2]} Rg8+ 49. Kf3 {Accuracy: White = 72%, Black = 69%.} 1/2-1/2

[Event "3rd Stars Cup 2019"]
[Site "Anzali"]
[Date "2019.02.14"]
[Round "4.2"]
[White "Maghsoodloo, Parham"]
[Black "Alekseev, Evgeny"]
[Result "1/2-1/2"]
[WhiteElo "2666"]
[BlackElo "2639"]
[Annotator "TA"]
[PlyCount "28"]
[EventDate "2019.02.12"]
[EventType "schev"]
[EventCountry "IRI"]
[SourceTitle "playchess.com"]
[Source "ChessBase"]
[SourceQuality "1"]

{[%evp 20,28,15,16,18,18,8,0,16,21,24]} 1. Nf3 c5 2. c4 Nc6 3. b3 e5 4. Bb2 d6 5. Nc3 g6 6. g3 Bg7 7. d3 Nge7 8. Bg2 h6 {A36: Symmetrical English vs ...g6: 4 Bg2 Bg7} 9. O-O O-O 10. Ne1 (10. Nd2 Be6 11. a3 {½-½ (56) Kramnik,V (2800)-Gelfand,B (2695) Moscow 2018}) 10... Be6 11. Nd5 {LiveBook: 3 Games. The position is equal.} Rb8 12. Nc2 b5 13. e3 $146 ({Predecessor:} 13. Nce3 a6 14. Qd2 f5 15. f4 Bf7 16. g4 exf4 17. Bxg7 Kxg7 18. Rxf4 Bxd5 19. Nxd5 Nxd5 20. cxd5 {0-1 (46) Matthias,H (2319)-Rosen,B (2265) Germany 2011}) 13... bxc4 14. dxc4 f5 1/2-1/2

[Event "3rd Stars Cup 2019"]
[Site "Anzali"]
[Date "2019.02.14"]
[Round "4.3"]
[White "Firouzja, Alireza"]
[Black "Bosiocic, Marin"]
[Result "1-0"]
[WhiteElo "2618"]
[BlackElo "2618"]
[Annotator "TA"]
[PlyCount "75"]
[EventDate "2019.02.12"]
[EventType "schev"]
[EventCountry "IRI"]
[SourceTitle "playchess.com"]
[Source "ChessBase"]
[SourceQuality "1"]

{[%evp 15,75,0,78,43,53,36,61,48,60,62,71,70,83,64,77,86,101,99,104,90,115,47,36,0,0,0,40,21,31,0,0,0,20,17,27,18,16,0,130,111,275,272,275,268,275,275,430,305,302,301,574,569,552,567,546,521,790,789,732,748,1084,951]} 1. e4 e5 2. Nf3 Nc6 3. d4 exd4 4. Nxd4 Nf6 5. Nxc6 bxc6 6. e5 Nd5 7. c4 Nb6 8. Bd3 Bb4+ (8... g6 $11) 9. Nc3 {C45: Scotch Game} d5 (9... O-O 10. O-O Qe7 11. Bf4 d5 12. Qh5 g6 13. Qh6 Ba6 14. Rae1 Rfe8 15. Re3 Qf8 16. Qxf8+ Kxf8 17. cxd5 Bxc3 18. Bxa6 {½-½ (65) Barbosa,E (2449)-Paveto,K (2437) Florianopolis 2015}) 10. exd6 $146 ({Predecessor:} 10. cxd5 cxd5 11. O-O O-O 12. Nb5 c6 13. Nd4 c5 14. Nc6 Qc7 15. Nxb4 cxb4 16. Bf4 Qe7 {1-0 (33) Williams,J (2103)-Han,Y Victoria 2011}) 10... cxd6 11. O-O {White is slightly better.} O-O 12. Qc2 f5 13. Ne2 {Hoping for a3.} Bc5 14. b3 a5 15. Kh1 Ra7 {[#]} 16. Bb2 $1 Qh4 17. f4 Raf7 18. a3 (18. Nd4 $16) 18... Nd7 $1 $14 19. Ng3 {[%cal Rg3f5]} Nf6 $1 {[%cal Rf6g4]} 20. Bxf5 (20. Nxf5 Bxf5 21. Bxf5 Nh5 $19) 20... Bxf5 21. Nxf5 Qh5 {Strongly threatening ...Ng4.} 22. Ng3 Qh4 $1 {( -> ...Ng4)} 23. Nf5 {[%cal Bg3f5,Bf5e7,Be7c6][%mdl 32]} Qh5 {And now ...Ng4 would win.} 24. Bxf6 Rxf6 25. Ne7+ {[%mdl 64] Double Attack} Kh8 26. b4 $36 {[%cal Bb3b4,Bb4a5,Ba5a6,Ba6a7][%mdl 2080] White has good play.} ({Don't take} 26. Nxc6 $6 Rxf4 27. Rxf4 Rxf4 $16) 26... Bd4 (26... Qe5 $11 {remains equal.} 27. g3 (27. fxe5 $2 {leads to mate.} Rxf1+ 28. Rxf1 Rxf1#) (27. bxc5 Rxf4 28. Qd3 Rxf1+ 29. Rxf1 Rxf1+ 30. Qxf1 Qxe7 $11) 27... Qxe7 28. bxc5 dxc5) 27. Qd1 $16 Qxd1 $2 (27... Qe8 $16 {might work better.} 28. Qxd4 Qxe7) 28. Raxd1 $18 Bb2 29. Nxc6 Bxa3 30. bxa5 Rf5 (30... Rxf4 $142 31. Rxf4 Rxf4) 31. g3 Rc5 32. Rf3 Rxc4 $2 (32... Rxc6 33. Rxa3 Ra8) 33. Rxa3 {White is clearly winning.} Rxc6 {KRR-KRR} 34. a6 Ra8 35. a7 Kg8 {[#]} 36. Rb1 $1 Rcc8 37. Rb7 Rd8 38. Rab3 {Accuracy: White = 59%, Black = 46%.} 1-0

[Event "3rd Stars Cup 2019"]
[Site "Anzali"]
[Date "2019.02.14"]
[Round "4.4"]
[White "Tabatabaei, M.Amin"]
[Black "Tiviakov, Sergei"]
[Result "1/2-1/2"]
[WhiteElo "2590"]
[BlackElo "2610"]
[Annotator "TA"]
[PlyCount "95"]
[EventDate "2019.02.12"]
[EventType "schev"]
[EventCountry "IRI"]
[SourceTitle "playchess.com"]
[Source "ChessBase"]
[SourceQuality "1"]

{[%evp 12,95,26,19,22,33,39,32,44,43,39,40,50,47,42,40,46,40,58,29,30,25,44,22,41,4,28,0,0,0,9,16,12,7,55,47,68,54,55,64,72,56,61,56,56,0,0,0,0,0,0,0,0,0,0,0,0,0,0,0,6,0,1,5,5,0,0,0,0,0,0,0,0,0,0,0,0,0,0,0,0,0,0,0,0,0]} 1. Nf3 Nf6 2. g3 b6 3. Bg2 Bb7 4. O-O g6 5. d4 Bg7 6. c4 O-O 7. d5 Na6 {A50: Queen's Fianchetto Defence (1 d4 Nf6 2 c4 b6)} (7... e6 8. Nc3 Re8 9. Nd4 exd5 10. cxd5 Na6 11. Rb1 Nc5 12. Bf4 Nce4 13. Nxe4 Nxe4 14. Nb5 d6 15. Qc2 Bxd5 16. Qxc7 {1-0 (54) So,W (2765)-Mamedyarov,S (2817) Kolkata 2018}) 8. Nc3 Nc5 9. Nd4 e5 {White is slightly better.} 10. Nb3 d6 11. Nxc5 dxc5 12. e4 Ne8 13. a4 Nd6 14. b3 {[#]} Bc8 $146 ({Predecessor:} 14... a5 15. Ra2 {1-0 (77) Gleichmann,M (2528)-Stephan,J (2576) ICCF email 2012}) 15. Bb2 Bd7 16. Qd2 Qe7 17. Rae1 Rae8 18. Ne2 f5 19. exf5 Nxf5 20. Nc3 Nd4 21. Nb5 {With the idea Nxd4.} Nxb3 22. Qd1 $36 {[%mdl 2048] White has some pressure.} Bxb5 23. axb5 Na5 24. Qd3 Qd7 {[#] Threatens to win with ...e4.} 25. Be4 Nb7 26. Ra1 Nd6 27. Rxa7 Ra8 28. Ra6 (28. Raa1 $14) 28... Rxa6 $1 $11 {The position is equal.} 29. bxa6 Ra8 30. Ra1 Ra7 31. Qe2 Qc8 32. Bf3 Rxa6 33. Bg4 Rxa1+ $1 34. Bxa1 Qf8 35. Bxe5 Bxe5 36. Qxe5 {[#] Black must now prevent Be6+.} Qg7 37. Qg5 Qf8 38. h4 Kg7 39. Be2 Qf6 40. Qe3 Nf5 41. Qe8 (41. Qf4 {feels hotter.} Nd6 42. Qe3) 41... Qe7 42. Qxe7+ Nxe7 {[%mdl 4096] Endgame KB-KN} 43. Kg2 Kf6 {Threatening ...Ke5.} 44. f4 h5 45. Kf3 Nf5 46. Bd3 Nd4+ 47. Ke3 Nf5+ 48. Kf3 {Accuracy: White = 62%, Black = 84%.} 1/2-1/2

[Event "3rd Stars Cup 2019"]
[Site "Anzali"]
[Date "2019.02.15"]
[Round "5.1"]
[White "Maghsoodloo, Parham"]
[Black "Safarli, Eltaj"]
[Result "1-0"]
[WhiteElo "2666"]
[BlackElo "2681"]
[Annotator "TA"]
[PlyCount "83"]
[EventDate "2019.02.12"]
[EventType "schev"]
[EventCountry "IRI"]
[SourceTitle "playchess.com"]
[Source "ChessBase"]
[SourceQuality "1"]

{[%evp 18,83,31,20,34,39,39,4,0,0,16,0,72,0,0,0,0,0,0,7,43,58,58,48,49,27,45,30,58,38,83,42,378,378,441,440,454,470,438,271,272,282,285,280,321,336,332,326,329,322,323,314,325,315,377,373,397,386,618,553,552,552,562,336,1255,1229,2135,2128]} 1. Nf3 Nf6 2. c4 g6 3. Nc3 d5 4. cxd5 Nxd5 5. Qb3 Nb6 6. d4 Bg7 7. Bf4 O-O 8. Rd1 c6 9. e4 Bg4 {D90: Grünfeld: 4 Nf3 Bg7 sidelines} 10. Be2 {LiveBook: 4 Games} Bxf3 11. Bxf3 Bxd4 {White is slightly better.} 12. Ne2 $146 ({Predecessor:} 12. a4 a5 13. e5 Bxc3+ 14. bxc3 Qc7 15. Bg3 e6 16. O-O N8d7 17. c4 {½-½ (26) Kuljasevic,D (2549)-Ostovic,M (2334) Mali Losinj 2017}) 12... c5 13. e5 {[%cal Be4e5,Be5e6][%mdl 32]} Nc6 14. e6 f5 (14... Qe8 $11) 15. h4 (15. O-O $16) 15... Qc8 $11 16. Bxc6 Qxc6 17. Nxd4 cxd4 18. O-O Rfd8 19. Rfe1 Nd5 20. Bg5 Rd6 21. Rxd4 Rad8 $1 {[#]} 22. h5 $1 {[%mdl 512]} Qb6 (22... gxh5 23. Qg3) 23. Qa4 Qa6 ({Reject} 23... gxh5 $6 24. Rxd5 $1 {[%mdl 512]} Rxd5 25. Bxe7 $16) (23... Rxe6 $6 24. Red1 $16) ({Avoid the trap} 23... Qxb2 $2 24. Bxe7 $1 {[%mdl 512]} Qc3 25. Red1 $18) 24. Qc2 Rxe6 $2 {[%mdl 8192] [#]} (24... Qb6 $1 $14 25. Qa4 Kg7) 25. Red1 $1 $18 Red6 26. Qb3 e6 27. Bxd8 Rxd8 28. Qg3 Qd6 {intending ...Qxg3.} 29. Qg5 Kg7 30. Rh4 {Threatens to win with hxg6.} Rg8 31. hxg6 hxg6 32. Rh6 Kf7 33. Rh7+ Rg7 34. Rh8 Qe7 35. Qh6 Qf6 36. Rb8 Qxb2 37. Qh8 {[%csl Gb8][%cal Rh8f8]} Qb4 $2 (37... g5 38. Qh5+ Rg6) 38. a3 Qe7 39. Rc1 g5 40. Rcc8 Nf4 $2 (40... Nf6 41. Qh6 Ng4 42. Rf8+ Qxf8 43. Rxf8+ Kxf8 44. Qxe6 Rf7) 41. Rg8 Rxg8 42. Rxg8 {Precision: White = 74%, Black = 36%.} 1-0

[Event "3rd Stars Cup 2019"]
[Site "Anzali"]
[Date "2019.02.15"]
[Round "5.2"]
[White "Firouzja, Alireza"]
[Black "Alekseev, Evgeny"]
[Result "1-0"]
[WhiteElo "2618"]
[BlackElo "2639"]
[Annotator "TA"]
[PlyCount "98"]
[EventDate "2019.02.12"]
[EventType "schev"]
[EventCountry "IRI"]
[SourceTitle "playchess.com"]
[Source "ChessBase"]
[SourceQuality "1"]

{[%evp 20,98,40,30,44,26,22,32,26,27,27,27,40,27,21,22,27,25,27,31,35,37,63,68,68,64,58,57,65,77,59,66,83,47,59,53,57,39,89,88,79,79,77,0,0,0,0,0,26,27,43,28,40,35,24,0,0,0,0,0,27,0,0,0,0,0,0,0,0,0,0,0,68,7,13,13,7,14,0,14,24]} 1. e4 c5 2. Nf3 e6 3. d4 cxd4 4. Nxd4 Nc6 5. Nc3 a6 6. g3 d6 {B46: Sicilian: Taimanov: 5 Nc3 a6} 7. Nxc6 bxc6 8. Bg2 Bb7 9. O-O Nf6 10. Na4 Qc7 11. c4 {LiveBook: 24 Games} c5 12. Qe2 $146 ({Predecessor:} 12. Nc3 Nd7 13. f4 Be7 14. Be3 O-O 15. Qd2 Rad8 16. Rad1 Nb8 17. g4 Nc6 18. g5 {½-½ (71) So,W (2765)-Movsesian,S (2629) chess.com INT 2019}) 12... Be7 13. b3 O-O 14. Bb2 Nd7 15. Rad1 Rad8 16. f4 Bc6 17. Nc3 Bf6 18. Nb1 Bxb2 19. Qxb2 Bb7 20. Qd2 Nf6 21. Nc3 Kh8 22. h3 Rd7 23. g4 {[%cal Bg3g4,Bg4g5][%mdl 32]} Rfd8 24. g5 Ng8 25. f5 Ne7 26. Qf2 exf5 27. exf5 Bxg2 28. Kxg2 {[#] Strongly threatening f6.} Qc6+ 29. Kh2 {Hoping for f6.} f6 30. gxf6 gxf6 31. Nd5 (31. Rg1 $16) 31... Nxd5 $11 32. cxd5 Qb5 33. Rg1 Re8 {[#] White must now prevent ...Re2.} 34. Rde1 {[%cal Re1e8]} Re5 $1 35. Qh4 Rf7 $1 36. Rxe5 dxe5 $14 {[%mdl 4096] Endgame KQR-KQR} 37. Qc4 Rd7 38. h4 Qb4 39. Kh3 Qb5 40. a4 Qb6 41. Rc1 Qd8 42. Rd1 $40 {[%mdl 128] White is up to no good.} Qb6 43. Rd3 Qd6 44. a5 Kg8 45. Rg3+ Rg7 (45... Kh8 $11) 46. Rxg7+ ({White should play} 46. Rc3 $1 $14) 46... Kxg7 $11 {The position is equal.} 47. Kg4 Kf8 48. Kf3 Ke8 49. Ke4 Kd8 {[%mdl 32768] Precision: White = 59%, Black = 84%. . Sensor Board Error (Ke4/e5)?} 1-0

[Event "3rd Stars Cup 2019"]
[Site "Anzali"]
[Date "2019.02.15"]
[Round "5.3"]
[White "Tabatabaei, M.Amin"]
[Black "Bosiocic, Marin"]
[Result "0-1"]
[WhiteElo "2590"]
[BlackElo "2618"]
[Annotator "TA"]
[PlyCount "88"]
[EventDate "2019.02.12"]
[EventType "schev"]
[EventCountry "IRI"]
[SourceTitle "playchess.com"]
[Source "ChessBase"]
[SourceQuality "1"]

{[%evp 14,88,27,10,23,18,12,6,8,14,12,13,14,8,8,5,4,0,8,18,12,7,24,0,0,0,0,0,0,-7,0,0,0,-20,-18,-22,-20,-19,-27,-82,-68,-77,-83,-140,-138,-156,-153,-210,-208,-199,-156,-183,-175,-275,-277,-378,-335,-430,-289,-347,-325,-267,-279,-796,-808,-759,-704,-1370,-1368,-1160,-1108,-1970,-1915,-29995,-29996,-29998,-29999]} 1. d4 Nf6 2. c4 e6 3. Nf3 d5 4. Nc3 Bb4 5. Qa4+ Nc6 6. e3 O-O 7. Qc2 {D38: Queen's Gambit Declined: Ragozin Defence (4 Nf3 Bb4)} b6 8. Bd2 {LiveBook: 4 Games} a5 9. cxd5 $146 {White has an edge.} ({Predecessor:} 9. Bd3 Ba6 10. cxd5 Bxd3 11. Qxd3 exd5 12. Rc1 Ne7 13. O-O Rc8 14. Rc2 c6 {½-½ (57) Vitiugov,N (2718)-Grischuk,A (2751) Novi Sad 2016}) 9... exd5 10. Bd3 Ne7 11. O-O Ba6 12. Bxa6 Rxa6 13. a3 Bd6 14. Nb5 Ne4 15. a4 c6 {[%cal Bc7c6,Bc6c5][%mdl 32]} 16. Nxd6 Qxd6 17. Bc1 c5 18. b3 Nc6 19. Bb2 Nb4 20. Qe2 Raa8 21. Rfd1 Rfc8 22. dxc5 bxc5 23. Ne1 Qe6 24. f3 Nd6 {[%cal Be4d6,Bd6f5,Bf5e3][%mdl 32]} 25. Nd3 d4 26. Nxb4 (26. Rac1 $11) 26... axb4 $17 27. Rd3 Nf5 {[%cal Rf5e3]} 28. e4 (28. Bc1 $142) 28... Ne3 29. Re1 {[#]} Re8 $1 30. Rxe3 (30. Bc1 $17 {keeps fighting.} Nd5 31. Qc2) 30... dxe3 $19 31. Qxe3 f6 32. Rc1 Rec8 33. Qd3 (33. e5 $142) 33... Ra7 34. Rc4 Rd7 35. Qc2 Qd6 36. Bd4 {[%cal Rd4c5]} Rcd8 37. Be3 Qe5 38. f4 $2 (38. g4 Qa1+ 39. Kf2) 38... Rd1+ 39. Kf2 Qh5 40. Qe2 Qh4+ 41. Kf3 g5 {[%csl Gh4][%cal Rg5g4] [#]} 42. h3 Re1 43. Qc2 Rf1+ 44. Bf2 Qxf4+ {Precision: White = 32%, Black = 84%.} 0-1